LEADER 01089nam 2200385 450 001 9910164201103321 005 20230809222720.0 010 $a1-4988-1671-1 035 $a(CKB)3710000001057663 035 $a(MiAaPQ)EBC4802923 035 $a(EXLCZ)993710000001057663 100 $a20170303h20172017 uy 0 101 0 $aeng 135 $aurcnu|||||||| 181 $2rdacontent 182 $2rdamedia 183 $2rdacarrier 200 10$aStrongyloidiasis $eglobal status /$fStephen Berger 205 $a2017 edition. 210 1$aLos Angeles, California :$cGIDEON Informatics, Inc,$d2017. 210 4$dİ2017 215 $a1 online resource (51 pages) $ccolor illustrations, photographs, tables 225 1 $aGideon E-Book Series 410 0$aGideon e-book series. 606 $aStrongyloidiasis 615 0$aStrongyloidiasis. 676 $a616.9654 700 $aBerger$b Stephen$01210032 801 0$bMiAaPQ 801 1$bMiAaPQ 801 2$bMiAaPQ 906 $aBOOK 912 $a9910164201103321 996 $aStrongyloidiasis$93407280 997 $aUNINA LEADER 01538nam 2200253la 450 001 9910482029403321 005 20221102160158.0 035 $a(UK-CbPIL)2090311684 035 $a(CKB)5500000000087577 035 $a(EXLCZ)995500000000087577 100 $a20221102d1651 uy | 101 0 $adut 135 $aurcn||||a|bb| 200 10$aOnderwys, om door een korte middel tot de ware godgeleertheit, en kennis van de Heilige Schrift te geraken. Verhandeling, tegen 't verbod van 't Vleesch-eeten, tegen d'inzetting der heilige Dagen, en van't huwel?k der Priesters. Verantwoording tegen Nicolaus Ecmondanus, over Paulus woorden, ... Alles door Desiderivs Erasmvs van Rotterdam in 't Lat. beschreven en nu van J.H. Glazemaker vertaalt 210 $aAmsterdam $cJan & Rieuwertsz Hendricksz, Jan$d1651 215 $aOnline resource ([8], 472 p, 12°) 300 $aReproduction of original in Koninklijke Bibliotheek, Nationale bibliotheek van Nederland. 700 $aErasmus$b Desiderius$f1536.$0799747 801 0$bUk-CbPIL 801 1$bUk-CbPIL 906 $aBOOK 912 $a9910482029403321 996 $aOnderwys, om door een korte middel tot de ware godgeleertheit, en kennis van de Heilige Schrift te geraken. Verhandeling, tegen 't verbod van 't Vleesch-eeten, tegen d'inzetting der heilige Dagen, en van't huwel?k der Priesters. Verantwoording tegen Nicolaus Ecmondanus, over Paulus woorden, ... Alles door Desiderivs Erasmvs van Rotterdam in 't Lat. beschreven en nu van J.H. Glazemaker vertaalt$92107308 997 $aUNINA